[Event "BCF-chT2 9798 (4NCL)"]
[Site "England"]
[Date "1997.11.23"]
[Round "4.8"]
[White "Lusher, Claire"]
[Black "Alston, Joanne"]
[Result "0-1"]
[WhiteElo "1784"]
[BlackElo "1784"]
[PlyCount "82"]
[EventDate "1997.11.??"]
[EventType "team"]
[EventRounds "11"]
[EventCountry "ENG"]
[SourceTitle "EXT 1999"]
[Source "ChessBase"]
[SourceDate "1998.11.16"]
[SourceVersion "1"]
[SourceVersionDate "1998.11.16"]
[SourceQuality "1"]
[WhiteTeam "Guildford II"]
[BlackTeam "Bristol II"]
[WhiteTeamCountry "ENG"]
[BlackTeamCountry "ENG"]

1. e4 c5 2. Nc3 Nc6 3. f4 g6 4. Nf3 Bg7 5. Bc4 e6 6. d3 Nge7 7. 0-0 0-0 8. e5 d5 9. exd6 Nf5 10. Ne4 b6 11. c3 Nxd6 12. Nxd6 Qxd6 13. Qe2 Rd8 14. Rd1 Rb8 15. Ng5 Na5 16. Bb3 a6 17. Ba4 b5 18. Bc2 b4 19. cxb4 cxb4 20. Rb1 b3 21. axb3 Nxb3 22. Ne4 Nxc1 23. Rdxc1 Qd4+ 24. Kh1 Rxb2 25. Rxb2 Qxb2 26. Rb1 Qd4 27. Rb8 Qa7 28. Rb1 Bd7 29. Qf3 Bb5 30. Nf2 Qc7 31. Bb3 Qc3 32. Bc4 Bxc4 33. dxc4 Qxc4 34. g3 a5 35. Qa3 Bd4 36. Qxa5 Qc6+ 37. Kg1 Bxf2+ 38. Kxf2 Qc2+ 39. Kf3 Rd3+ 40. Kg4 Qxb1 41. Qa8+ Kg7 0-1